000 00456nam a2200181Ia 4500
003 GCL
008 140319s9999 xx 000 0 eng d
040 _aGCL /
_cGCL
082 0 4 _a843
_bRG
100 1 _aRABELAIS, FRANCOIS
245 1 0 _aGARGANTUA /
_cRABELAIS, FRANCOIS
260 _a[S.N] :
_bLE LIVRE DE POCHE ،
_c1994
300 _a527
490 _aLE LIVRE DE POCHE
_v0
650 0 4 _aLITERATURE
650 0 4 _aFRENCH LITERATURE
942 _2ddc
_cBK
999 _c25299
_d25299